Fórum. Romániai kisebbségi törvények

Elmentve itt :
Bibliográfiai részletek
Szerző: WILETS James
Adatforrás:Meister
Forrásdokumentuma:Magyar Kisebbség. -
1-2 sz., 1997, 151-153 p.
Nyelv:magyar
Kulcsszavak:összehasonlító jog
közjog
politikai intézmények
kisebbségi törvénytervezet (RMDSZ)
RMDSZ-kisebbségi törvénytervezet
Románia
RMDSZ-Romániai Magyar Demokrata Szövetség
Kisebbségi Tanács
LEADER 00641nab a2200205 i 4500
001 bibPRO00006613
008 060524s1997 xx hun
040 |a Sz1 
041 |a hun 
100 1 |a WILETS James 
245 1 0 |a Fórum. Romániai kisebbségi törvények  |c WILETS James 
695 |a összehasonlító jog 
695 |a közjog 
695 |a politikai intézmények 
695 |a kisebbségi törvénytervezet (RMDSZ) 
695 |a RMDSZ-kisebbségi törvénytervezet 
695 |a Románia 
695 |a RMDSZ-Romániai Magyar Demokrata Szövetség 
695 |a Kisebbségi Tanács 
773 0 |t Magyar Kisebbség. -  |g 1-2 sz., 1997, 151-153 p.